000 01136nam a2200277Ia 4500
003 OSt
005 20221005103705.0
006 a|||||r|||| 00| 0
007 ta
008 221004b |||||||| |||| 00| 0 san d
020 _a9788183901406 (hbk)
_cINR 800.00
024 _a37954
037 _b515, 16/02/2018, Vidyanidhi Prakashan
_cTextual
040 _aCRL
_cCRL
_bsan
041 _2san
_asan
082 _aO15,2:g, 152Q8
100 _aसिंह, विनय कुमार, ले.
245 0 _aसंस्कृत प्रहसनों का नाट्यशास्त्रीय विश्लेषण
246 _aSanskṛut prahasanoan kā nāṭyashāstrīya vishleṣhaṇa
260 _aदिल्ली
_bअभिषेक प्रकाशन भारत
_c2018
300 _a200पृ0
_ccm.
650 _a नाट्यशास्त्र
650 _aसंस्कृत साहित्य
942 _hO15,2:g, 152Q8
_cTEXL
_2cc
999 _c1010633
_d1010633